Ghana : EIU country profile 2007.

Bibliographic Details
Format: Book
Published: London: The Economist Intelligence Unit, 2007.
Subjects:
LEADER 00418cam a2200145 7i4500
001 0000020605
005 20080131090000.0
022 0 0 |a 0269-4549 
090 0 0 |a GHAN 330.9   |b GHA 
245 0 0 |a Ghana :   |b EIU country profile 2007. 
260 0 0 |a London:   |b The Economist Intelligence Unit,   |c 2007. 
300 # # |a 58 p. 
650 0 0 |a Country profile --   |z Ghana  
651 0 0 |a Ghana  
999 |a B000021655  |b Book  |c Countries  |e Business Information Centre